000 00517cam a22001814a 4500
005 20250605164249.0
008 250528s ||||||||||||||||||||||||d
035 _a21667
040 _aGR-AtMCL
_bgre
_dGR-AtMCL
_eAACR2
245 1 _aΒΡΑΧΟΜΗΧΑΝΙΚΗ ΚΑΙ ΕΦΑΡΜΟΓΕΣ
250 _a1
260 _bΑυτοεκδοση,
_c2012
700 1 _aΜαραγκος Αθανασιος
_97598
700 1 _aΜαραγκος Νικολαος
_97599
942 _cBK
999 _c6728
_d6728